<?xml version="1.0" encoding="UTF-8"?>
<record
    xmlns:xsi="http://www.w3.org/2001/XMLSchema-instance"
    xsi:schemaLocation="http://www.loc.gov/MARC21/slim http://www.loc.gov/standards/marcxml/schema/MARC21slim.xsd"
    xmlns="http://www.loc.gov/MARC21/slim">

  <leader>00788nji a22002057a 4500</leader>
  <controlfield tag="005">20141029125201.0</controlfield>
  <controlfield tag="007">CD</controlfield>
  <controlfield tag="008">141016b        xxu||||| |||| 00| 0 eng d</controlfield>
  <datafield tag="010" ind1=" " ind2=" ">
    <subfield code="a">DVD-008301</subfield>
  </datafield>
  <datafield tag="024" ind1=" " ind2=" ">
    <subfield code="a">44560639284</subfield>
    <subfield code="c">499.00</subfield>
  </datafield>
  <datafield tag="040" ind1=" " ind2=" ">
    <subfield code="a">DPL</subfield>
  </datafield>
  <datafield tag="245" ind1=" " ind2=" ">
    <subfield code="a">D-DAY:The Turning point of WWII</subfield>
    <subfield code="c">System Requrement</subfield>
    <subfield code="h">CD/ROM</subfield>
  </datafield>
  <datafield tag="260" ind1=" " ind2=" ">
    <subfield code="a">Delhi</subfield>
    <subfield code="b">BRI</subfield>
    <subfield code="c">2013</subfield>
  </datafield>
  <datafield tag="270" ind1=" " ind2=" ">
    <subfield code="a">A-41,Ground Floor.(L-2) Mohan Cooperative,Main Mathura Road,</subfield>
    <subfield code="b">New Delhi</subfield>
    <subfield code="d">India</subfield>
  </datafield>
  <datafield tag="300" ind1=" " ind2=" ">
    <subfield code="b">1 disc</subfield>
  </datafield>
  <datafield tag="440" ind1=" " ind2=" ">
    <subfield code="a">Profiles Series</subfield>
  </datafield>
  <datafield tag="500" ind1=" " ind2=" ">
    <subfield code="a">Dozens of vivid photos of the solders and the generals tell the story in a way only picture can.</subfield>
  </datafield>
  <datafield tag="942" ind1=" " ind2=" ">
    <subfield code="2">ddc</subfield>
    <subfield code="c">CF</subfield>
    <subfield code="m">BRI</subfield>
  </datafield>
  <datafield tag="999" ind1=" " ind2=" ">
    <subfield code="c">89374</subfield>
    <subfield code="d">89374</subfield>
  </datafield>
  <datafield tag="952" ind1=" " ind2=" ">
    <subfield code="0">0</subfield>
    <subfield code="1">0</subfield>
    <subfield code="2">ddc</subfield>
    <subfield code="4">0</subfield>
    <subfield code="7">0</subfield>
    <subfield code="a">L</subfield>
    <subfield code="b">L</subfield>
    <subfield code="d">2015-01-21</subfield>
    <subfield code="e">BRITANNICA</subfield>
    <subfield code="g">499.00</subfield>
    <subfield code="l">1</subfield>
    <subfield code="o">BRI</subfield>
    <subfield code="p">DVD-008301</subfield>
    <subfield code="r">2016-01-18 00:00:00</subfield>
    <subfield code="s">2016-01-16</subfield>
    <subfield code="t">1</subfield>
    <subfield code="v">499.00</subfield>
    <subfield code="w">2015-01-21</subfield>
    <subfield code="y">CF</subfield>
  </datafield>
</record>
